Contabilidad de costos: un enfoque gerencial
保存先:
| 主要な著者: | , , |
|---|---|
| フォーマット: | 図書 |
| 言語: | スペイン語 |
| 出版事項: |
Ciudad de México
Pearson Educación
2002
|
| 版: | 10a. ed |
| 主題: | |
| タグ: |
タグ追加
タグなし, このレコードへの初めてのタグを付けませんか!
|
MARC
| LEADER | 00000nam a2200000 a 4500 | ||
|---|---|---|---|
| 001 | UCJ0027 | ||
| 003 | CL-VaPUC | ||
| 008 | 060623e20020000MX |||||||||||||||||spa|d | ||
| 020 | |a 9702600960 | ||
| 082 | 0 | 4 | |a 657.42 |b HOR |2 21 |
| 100 | |a Horngren, Charles T |e author |9 590581 | ||
| 700 | 0 | |a Foster, George |e author |9 500057 | |
| 700 | 0 | |a Datar, Skritant M |e author |9 500058 | |
| 245 | 1 | 0 | |a Contabilidad de costos: un enfoque gerencial |
| 250 | |a 10a. ed | ||
| 300 | |a 906 p | ||
| 942 | |c BK | ||
| 945 | |d 20060623 00:00:00 |a jtorresc | ||
| 260 | |a Ciudad de México |b Pearson Educación |c 2002 | ||
| 650 | 0 | |a Contabilidad de costos |9 260564 | |
| 650 | 0 | |a Toma de decisiones |9 257530 | |
| 650 | 0 | |a Contabilidad gerencial |9 263747 | |
| 650 | 0 | |a Contabilidad financiera |9 307017 | |
| 650 | 0 | |a Análisis de costos |9 315627 | |
| 650 | 0 | |a Determinación de costos |9 361679 | |
| 650 | 7 | |a COSTOS FIJOS |2 CL-VaPUC |9 357996 | |
| 650 | 0 | |a Costos variables |9 366331 | |
| 583 | |a last modification |c 20130305 12:39:33 |k Rodrigo Vera | ||
| 999 | |c 317018 |d 317016 | ||
| 952 | |0 0 |1 0 |4 0 |6 657_420000000000000_HOR_2002 |7 0 |8 R |9 392685 |a BIBENE |b BIBENE |d 2019-11-22 |i 4244710 |l 3 |o 657.42 HOR 2002 |p 4244710 |r 2025-01-15 |s 2024-08-19 |w 2019-11-22 |y BK_R |k ICO | ||
| 952 | |0 0 |1 0 |4 0 |6 657_420000000000000_HOR_2002 |7 0 |8 R |9 392686 |a BIBGIM |b BIBGIM |d 2019-11-22 |i 4308921 |o 657.42 HOR 2002 |p 4308921 |r 2025-01-15 |w 2019-11-22 |y BK_R |k COM | ||